Ústava a stanovy Pennsylvanskej slovenskej rímsko a grécko katolíckej jednoty pod ochranou sv. Jána Krstiteľa : založená 24. júna 1893 : opravené a prijaté na XXIV. riadnej konvencii vydržiavanej od 19. do 24. septembra 1932 v Detroit, Michigan
| Format: | Book |
|---|---|
| Language: | Slovak English Russian |
| PhysicalDescription: | 75 s. 15 cm |
| Published: |
[Detroit]
[vydavateľ nie je známy]
[1932]
|
| Subjects: |
MARC
| LEADER | 00000nam a2200000 a 4500 | ||
|---|---|---|---|
| 001 | vtls011703717 | ||
| 003 | SK-MaSNL | ||
| 005 | 20260301221902.0 | ||
| 008 | 250313q1932 xxu g 000 0 slo | ||
| 015 | |a SNBZSA2017/07 | ||
| 020 | |q (brožované) | ||
| 035 | |a urn:nbn:sk:snk-am00cwea | ||
| 035 | |a urn:nbn:sk:snk-am3hna8 | ||
| 035 | |a E78C56C2-11D1-4E95-A61B-98A6E5322500 | ||
| 040 | |a SNK |b slo |c SNK |e AACR2 | ||
| 041 | 0 | |a slo |a eng |a rus | |
| 044 | |a xxu |c US | ||
| 080 | |a 323.15 |2 2011 | ||
| 080 | |a (=162.4) |2 2011 | ||
| 080 | |a 272-784 |2 2011 | ||
| 080 | |a (062.13) |2 2011 | ||
| 245 | 0 | 0 | |a Ústava a stanovy Pennsylvanskej slovenskej rímsko a grécko katolíckej jednoty |b pod ochranou sv. Jána Krstiteľa : založená 24. júna 1893 : opravené a prijaté na XXIV. riadnej konvencii vydržiavanej od 19. do 24. septembra 1932 v Detroit, Michigan |
| 246 | 3 | 1 | |a Constitution and by-laws of the Pennsylvania slovak roman and greek catholic union |b revised and adopted at the XXIV. convention held from september 19th to 24th inclusive, 1932, at Detroit, Michigan |
| 260 | |a [Detroit] |b [vydavateľ nie je známy] |c [1932] | ||
| 300 | |a 75 s. |c 15 cm | ||
| 546 | |a Súbež. názov anglicky ; text aj anglicky a rusky | ||
| 650 | 0 | 7 | |a Slováci v zahraničí |2 SNKPH |9 14695 |
| 650 | 0 | 7 | |a Slovaks in foreign |2 SNKPHeng |9 265147 |
| 650 | 0 | 7 | |a katolícke spolky |2 SNKPH |9 92840 |
| 650 | 0 | 7 | |a Catholic associations |2 SNKPHeng |9 275262 |
| 655 | 7 | |a stanovy |2 SNKPH |9 70547 | |
| 655 | 7 | |a Statutes |2 SNKPHeng |9 343296 | |
| 852 | |a Slovenská národná knižnica | ||
| 958 | |a TL | ||
| 958 | |a RK | ||
| 958 | |a ZS | ||
| 958 | |a NT | ||
| 958 | |a ONDV | ||
| 999 | |c 937813 |d 939743 | ||
| 952 | |a SNK |b SNK |y PREZ |7 0 |p 17A0732110 |o snkSE 609/24 |i snk871/37 |0 0 |1 0 |4 0 |d 2017-07-20 |f 1 |l 0 |r 2026-02-24 09:09:00 |w 2026-02-24 | ||


